消滅した区 - Statistics

General Stats
  • This quiz has been taken 91 times
  • The average score is 20 of 42
Answer Stats
消滅時期 現在の区 旧区 % Correct
2024.01.01 浜松市 現・中央区 中区
90%
2024.01.01 浜松市 現・中央区 南区
88%
2024.01.01 浜松市 現・中央区/浜名区 北区
88%
2024.01.01 浜松市 現・浜名区 浜北区
88%
1989.02.13 大阪市 現・中央区 南区
88%
2024.01.01 浜松市 現・中央区 東区
86%
2024.01.01 浜松市 現・中央区 西区
86%
1989.02.13 大阪市 現・中央区 東区
86%
1974.04.01 福岡市 現・小倉北区/小倉南区 小倉区
75%
1974.04.01 福岡市 現・八幡東区/八幡西区 八幡区
73%
1947.03.15 東京市 現・大田区 蒲田区
64%
1947.03.15 東京市 現・大田区 大森区
62%
1947.03.15 東京市 現・千代田区 麹町区
54%
1947.03.15 東京市 現・台東区 浅草区
53%
1980.12.01 神戸市 現・中央区 生田区
49%
1947.03.15 東京市 現・千代田区 神田区
47%
1947.03.15 東京市 現・北区 王子区
47%
1947.03.15 東京市 現・中央区 日本橋区
46%
1947.03.15 東京市 現・港区 赤坂区
44%
1947.03.15 東京市 現・新宿区 四谷区
43%
1947.03.15 東京市 現・文京区 小石川区
43%
1945.11.03 名古屋市 現・中区 栄区
42%
1945.05.01 神戸市 生田区→現・中央区 神戸区
41%
1947.03.15 東京市 現・文京区 本郷区
41%
1947.03.15 東京市 現・港区 芝区
40%
1947.03.15 東京市 現・港区 麻布区
40%
1947.03.15 東京市 現・墨田区 本所区
40%
1947.03.15 東京市 現・江東区 深川区
40%
1947.03.15 東京市 現・北区 滝野川区
37%
1947.03.15 東京市 現・新宿区 淀橋区
36%
1947.03.15 東京市 現・中央区 京橋区
35%
1947.03.15 東京市 現・新宿区 牛込区
33%
1947.03.15 東京市 現・台東区 下谷区
26%
1947.03.15 東京市 現・江東区 城東区
26%
1980.12.01 神戸市 現・中央区 葺合区
25%
1945.05.01 神戸市 現・兵庫区 湊区
22%
1947.03.15 東京市 現・墨田区 向島区
22%
1947.03.15 東京市 現・品川区 荏原区
22%
1989.02.13 大阪市 現・北区 大淀区
17%
1933.01.01 神戸市 現・兵庫区(改称) 湊西区
5%
1945.05.01 神戸市 現・長田区(改称) 林田区
5%
1945.05.01 神戸市 生田区→現・中央区 湊東区
5%
No matching quizzes found
Score Distribution
Percent of People with Each Score
Percentile by Number Answered
Your Score History
You have not taken this quiz